| 000 | 00795nam a22002297a 4500 | ||
|---|---|---|---|
| 999 |
_c4205 _d4205 |
||
| 003 | AR-CdUCM | ||
| 008 | 190308b ||||| |||| 00| 0 spa d | ||
| 020 | _a968-16-1608-1 | ||
| 040 |
_aMUNICIPALIDAD PROVINCIAL DEL CUSCO _cBIBLIOTECA MUNICIPAL DEL CUSCO |
||
| 082 |
_a869.12 / _bM26 |
||
| 100 |
_aMartinez, J. L _913321 |
||
| 245 | _aNezahualcóyotl / | ||
| 260 |
_aMexico : _bFondo cultural Economico, _c1980. |
||
| 300 |
_a334 paginas ; _bilustraciones, _c21cm. |
||
| 440 |
_aLecturas Mexicanas _n39 _913322 |
||
| 500 | _aCultura SEP Selección de los textos de poemas, discursos y otros trabajos en prosa de Nazahuacótl, traducidos el espáñol. | ||
| 650 |
_aAutores Mexicanos _94311 |
||
| 650 |
_aSiglo XV _912780 |
||
| 650 |
_aLiteratura _983 |
||
| 942 |
_2ddc _cLIBROS |
||
| 945 | _apjha | ||